000 00345nam a22001337a 4500
008 190205b xxu||||| |||| 00| 0 eng d
020 _a9780130362452
041 _aeng
080 _24th
_a316
100 _a50
101 _aSOC
245 _aContemporary Sociological Theory, Continuing the Classical Tradition
_cWallace, R.A
942 _2udc
_cBK
999 _c54024
_d54024